000 00599nam a2200217 4500
003 OSt
005 20240715083358.0
006 a
008 240715b |||||||| |||| 00| 0 eng d
020 _a9789712723636
040 _aDWCL-HMN lib.
_cOC
082 _aFil. 338.4 V624p 2010
100 _aVibal, Victor R.
245 _aPrinciples of tourism /
260 _aPasig City:
_bAnvil Pub., Inc.,
_cc2010.
300 _axiii,
_b117 p. : ill.;
_c25 cm.
504 _aIncludes bibliographical references.
650 _a1. Tourist trade.
650 _a2. Travel.
942 _2ddc
_n0
_cBK - FIL
_kFil.
999 _c2212
_d2212